| 000 | 00484nam a22001457a 4500 | ||
|---|---|---|---|
| 008 | 150608b xxu||||| |||| 00| 0 eng d | ||
| 020 | _a9789719515807 | ||
| 050 |
_aPZ 590 .B811 _b 2011 |
||
| 100 | _aBradley, Pamela | ||
| 245 |
_aHeading into a different world _b: ancient messages and present warnings / _cPamela Bradley |
||
| 260 |
_aPhilippines _bWaddage Corp. _c2011 |
||
| 300 |
_a110 p. _c20 cm. |
||
| 500 | _aIncludes bibliography. | ||
| 942 |
_2lcc _cBK _mPZ 590 .B811 2011 |
||
| 999 |
_c284792 _d284792 |
||